000 00669nam a2200229 a 4500
008
020 _a0195215931 (pbk.)
049 _aMAIN
090 0 0 _aHD75
245 0 4 _aThe quality of growth /
_cVinod Thomas ... [et al.].
260 _aOxford :
_bWorld Bank,
_c2000.
300 _axxxiv, 262 p. :
_bill. ;
_c23 cm.
504 _aIncludes bibliographical references: p. 233-262.
650 0 _aEconomic development.
650 0 _aSustainable development.
700 1 _aThomas, Vinod.
907 _a.b10083108
_b17-07-03
_c16-07-03
003
005 20230123133340.0
040 _cNUST
942 _cBOOKS
_kHD75
999 _c147053
_d147053